000 00705 a2200205 4500
010 _aENG-85891
020 _a8131300323
_c595.00
035 _aEN-69424
037 _bD.B.Act / Pub
082 1 4 _a781.17
090 _c3623
_d3623
100 1 4 _aSharma, Manorama
245 1 _aMusic aesthetics
_cby Manorma Sharma
260 _aNew Delhi
_bAPH Publishing Corporatioon
_c2007
270 _a5, Ansari Road, Darya Ganj
_bNew Delhi
_e110 002
_k011- 23274050
_maphbooks@vsnl.net
300 _aiv, 242 p.
_b22 cm ( Hb.)
500 _aincludes bibliographical refrences and index
942 _adpl
_cEN
_k781.17 / SHA
999 _c3552
_d3552